000 00593nam a2200241Ia 4500
005 20260320201058.0
008 008 262003s9999 xx 000 0 eng d
037 _aEBOOK
040 _aCRL
040 _beng
040 _cCRL
041 _2eng
041 _aeng
084 _qCRL
100 _aFjeldly
_91134196
245 0 _aLab on the Web: Running Real Electronics Experiments via the Internet
260 _bIEEE
260 _c2003
856 _uhttps://ieeexplore.ieee.org/servlet/opac?bknumber=5237597
942 _cEBOOK
999 _c1718722
_d1718722